Bake brownies from scratch - Statistics

General Stats
  • This quiz has been taken 60 times
  • The average score is 8 of 9
Answer Stats
Hint Answer % Correct
1 1/2 cups Semisweet chocolate chips
96%
1/2 cup White sugar
96%
2/3 cup All-Purpose flour
94%
2 Large eggs (beaten)
88%
1/4 teaspoon Baking Soda
84%
2 tablespoons Water
84%
1/2 teaspoon Salt
78%
2 tablespoons Butter
75%
1/2 teaspoon Vanilla extract
65%
No matching quizzes found
Score Distribution
Percent of People with Each Score
Percentile by Number Answered
Your Score History
You have not taken this quiz